美国州旗对错判断 Flags of the U.S. states True and False - Statistics

General Stats
  • This quiz has been taken 17 times
  • The average score is 6 of 12
Answer Stats
Question Answer % Correct
俄勒冈州州旗正反两面的图案不同 正确
100%
俄亥俄州旗是非矩形的 正确
100%
夏威夷州旗完全包含外国国旗 正确
75%
至少一个州旗上有枪的图案 正确
75%
加利福尼亚州旗上写着加州共和国(California Republic),代表其曾经作为独立国家的历史 正确
75%
美国所有的州旗均含有蓝色或白色 错误
50%
有州旗上的星星数量超过美国国旗的星星数量(51颗) 正确
50%
弗吉尼亚州旗有超过10种颜色 正确
50%
大约一半的美国州旗(25/51)上写有本州的州名 错误
25%
犹他州旗包含美国国旗,而且国旗的星星只有45颗。代表犹他州建州时美国国旗的样子 错误
25%
佐治亚、北卡罗来纳州和密西西比的州旗至今仍然包含美利坚联盟国(美国内战时期的南方政权)的南部邦联战旗 错误
0%
美国原住民语言乔克托语是除英语和拉丁语外唯一写在美国州旗上的文字 错误
0%
No matching quizzes found
Score Distribution
Percent of People with Each Score
Percentile by Number Answered
Your Score History
You have not taken this quiz